| 000 | 00561nam a2200193Ia 4500 | ||
|---|---|---|---|
| 005 | 20250423094633.0 | ||
| 008 | 250422s9999 xx 000 0 und d | ||
| 020 | _a9780750666671 | ||
| 050 | _aTH 880 .D68/ | ||
| 100 | _aDouglas, James | ||
| 245 | 0 | _aBuilding adaptation | |
| 250 | _a2nd ed. | ||
| 260 | _aNew York | ||
| 260 | _bSpon press | ||
| 260 | _c2011 | ||
| 300 | _a651 p | ||
| 650 | _aSustainable buildings--Design and construction. Buildings--Remodeling for other use. Architecture--Conservation and restoration--Case studies. | ||
| 942 | _cBK | ||
| 999 |
_c27843 _d27843 |
||